| 000 | 01308nam a22002655a 4500 | ||
|---|---|---|---|
| 003 | OSt | ||
| 005 | 20170207112356.0 | ||
| 008 | 160922s2012 ua frb 000 0 ara d | ||
| 015 | _a2011 / 16950 | ||
| 020 | _a9789770468452 | ||
| 040 |
_aEG-ScBUE _bara _cEG-ScBUE _dEG-ScBUE |
||
| 043 |
_af-ua--- _aa-ts--- |
||
| 082 | 0 | 4 |
_a345.025 _bع ب د _222 |
| 100 | 1 | _aعبد المجيد، محمد نور الدين سيد. | |
| 245 | 1 | 0 |
_aجريمة بيع الأطفال والإتجار بهم : _bدراسة في قانون العقوبات المصري والإماراتي وقوانين مكافحة الإتجار بالبشر والاتفاقيات والبروتوكولات الدولية / _cمحمد نور الدين سيد عبد المجيد. |
| 260 |
_a[القاهرة] : _bدار النهضة العربية، _c2012. |
||
| 300 |
_a396 ص. ؛ _c24 سم. |
||
| 504 | _aيشتمل على إرجاعات ببليوجرافية. | ||
| 650 | 7 |
_aالإتجار بالبشر (قانون دولي) _2BUEsh |
|
| 650 | 7 |
_aالإتجار بالبشر _xقوانين وتشريعات _zمصر. _2BUEsh |
|
| 650 | 7 |
_aالإتجار بالبشر _xقوانين وتشريعات _zالإمارات العربية المتحدة. _2BUEsh |
|
| 651 | _2BUEsh | ||
| 653 |
_bLLAAWW _cJanuary2017 |
||
| 942 | _2ddc | ||
| 999 |
_c24042 _d24014 |
||